000 00789nam a22002057a 4500
999 _c2235
_d2235
003 AR-CdUCM
008 190304b ||||| |||| 00| 0 spa d
040 _aMUNICIPALIDAD PROVINCIAL DEL CUSCO
_cBIBLIOTECA MUNICIPAL DEL CUSCO
082 _a333.7 /
_bR696
100 _aRodriguez Vilchez, Zenobio
_98048
245 _aGeografía económica del Perú /
260 _aPerú :
_bUNCP - Huancayo,
_c1993.
300 _a142 paginas ;
_bmapas y cuadros,
_c21 cm.
505 _aLa geografía -- Importancia de la geografía económica -- División de la geografía económica -- La agricultura en el Perú -- La actividad pesquera...
650 _ageografía del Perú
_98049
650 _aDesarrollo económico
_91696
650 _aMedio Ambiente
_98050
942 _2ddc
_cLIBROS
945 _awnts